El sector de energía en Chile
Sparad:
| Institutionell upphovsman: | |
|---|---|
| Materialtyp: | Bok |
| Språk: | spanska |
| Publicerad: |
Santiago
Comisión Nacional de Energía
1993
|
| Ämnen: | |
| Taggar: |
Lägg till en tagg
Inga taggar, Lägg till första taggen!
|
MARC
| LEADER | 00000nam a2200000 a 4500 | ||
|---|---|---|---|
| 001 | UCY8685 | ||
| 003 | CL-VaPUC | ||
| 008 | 950707e19930000CL |||||||||||||||||spa|d | ||
| 082 | 0 | 4 | |a 333.79 |b COM |2 21 |
| 110 | 2 | |a Comisión Nacional de Energía |e author |9 340304 | |
| 245 | 1 | 3 | |a El sector de energía en Chile |
| 300 | |a 244 p | ||
| 942 | |c BK | ||
| 945 | |d 19950707 00:00:00 |a rbrito | ||
| 260 | |a Santiago |b Comisión Nacional de Energía |c 1993 | ||
| 650 | 0 | |a Energía |9 259431 | |
| 650 | 0 | |a Electricidad |9 260222 | |
| 650 | 7 | |a PETROLEO |2 CL-VaPUC |9 320865 | |
| 650 | 7 | |a GAS |2 CL-VaPUC |9 340305 | |
| 650 | 7 | |a CARBON |2 CL-VaPUC |9 268755 | |
| 650 | 7 | |a LEÑA |2 CL-VaPUC |9 340306 | |
| 650 | 7 | |a ENERGIAS NO CONVENCIONALES |2 CL-VaPUC |9 340307 | |
| 650 | 0 | |a Medio ambiente |9 257625 | |
| 651 | 7 | |a CHILE |2 CL-VaPUC |9 340308 | |
| 583 | |a last modification |c 19950707 00:00:00 |k Rodrigo Vera | ||
| 999 | |c 235906 |d 235904 | ||
| 952 | |0 0 |1 0 |4 0 |6 333_790000000000000_COM_1993 |7 0 |8 A |9 243632 |a BIBING |b BIBING |d 2019-11-18 |i 3101827 |o 333.79 COM 1993 |p 3101827 |r 2025-01-20 |w 2019-11-18 |y BK |k GEO | ||